Controversies in neuro-ophthalmology (Record no. 11346)

MARC details
000 -LEADER
fixed length control field 02937nam a2200325Ia 4500
001 - CONTROL NUMBER
control field CRC00HE7093PDF
003 - CONTROL NUMBER IDENTIFIER
control field BD-DhSAU
005 - DATE AND TIME OF LATEST TRANSACTION
control field 20151012144301.0
006 - FIXED-LENGTH DATA ELEMENTS--ADDITIONAL MATERIAL CHARACTERISTICS
fixed length control field m|||||o||d||||||||
007 - PHYSICAL DESCRIPTION FIXED FIELD--GENERAL INFORMATION
fixed length control field cr||||
008 - FIXED-LENGTH DATA ELEMENTS--GENERAL INFORMATION
fixed length control field 130702s2010 fluad sb 001 0 eng d
020 ## - INTERNATIONAL STANDARD BOOK NUMBER
International Standard Book Number 9781420070934 (ebook : PDF)
040 ## - CATALOGING SOURCE
Original cataloging agency BD-DhSAU
Transcribing agency BD-DhSAU
090 ## - LOCALLY ASSIGNED LC-TYPE CALL NUMBER (OCLC); LOCAL CALL NUMBER (OCLC)
Classification number (OCLC) (R) ; Classification number, CALL (RLIN) (NR) RE725
Local cutter number (OCLC) ; Book number/undivided call number, CALL (RLIN) .C66 2010
092 ## - LOCALLY ASSIGNED DEWEY CALL NUMBER (OCLC)
Classification number 617.7
Item number C764
245 00 - TITLE STATEMENT
Title Controversies in neuro-ophthalmology
Medium [electronic resource] :
Remainder of title a case-based debate /
Statement of responsibility, etc. editors, Andrew G. Lee, Jacinthe Rouleau, Reid Longmuir.
260 ## - PUBLICATION, DISTRIBUTION, ETC. (IMPRINT)
Place of publication, distribution, etc. Boca Raton, Fla. :
Name of publisher, distributor, etc. CRC Press,
Date of publication, distribution, etc. 2010.
300 ## - PHYSICAL DESCRIPTION
Extent xi, 120 p. :
Other physical details ill.
504 ## - BIBLIOGRAPHY, ETC. NOTE
Bibliography, etc Includes bibliographical references and index.
505 0# - FORMATTED CONTENTS NOTE
Formatted contents note 1. Should a patient with unexplained isolated optic atrophy have neuroimaging and further laboratory evaluation? -- 2. Should a patient with unexplained isolated optic atrophy have neuroimaging and further laboratory evaluation? -- 3. Should a patient with optic disc edema with a macular star figure (neuroretinitis) have lab testing and treatment? -- 4. Should a vasculopathic patient with nonarteritic anterior ischemic optic neuropathy have any testing? -- 5. What is the treatment for giant cell arteritis? -- 6. Should I do a bilateral or unilateral temporal artery biopsy in suspected giant cell arteritis? -- 7. Should I treat traumatic optic neuropathy? -- 8. Should I do a MRI and MR venogram in every patient with pseudotumor cerebri? -- 9. Should we perform carotid Doppler and cardiac echo on young patients with transient visual loss? -- 10. What is the best visual field test for neuroophthalmology? -- 11. Does visual rehabilitation therapy help patients with homonymous hemianopsia? -- 12. Should a patient with a pupil involved third nerve palsy have a catheter angiogram if the MRA or CTA are negative? -- 13. Do erectile dysfunction agents cause anterior ischemic optic neuropathy? -- 14. Does amiodarone produce an optic neuropathy? -- 15. Should I start my patient with myasthenia gravis on steroids to reduce the chance of generalized myasthenia gravis? -- 16. Does radiation therapy work for thyroid ophthalmopathy? -- 17. Should I do topical pharmacologic testing in the Horner syndrome? -- 18. Should a patient with giant cell arteritis have a fluorescein angiogram? -- 19. Does pseudotumor cerebri without papilledema exist? -- 20. Does a patient with an isolated vasculopathic ocular motor cranial nerve palsy need a neuorimaging study?.
530 ## - ADDITIONAL PHYSICAL FORM AVAILABLE NOTE
Additional physical form available note Also available in print edition.
538 ## - SYSTEM DETAILS NOTE
System details note Mode of access: World Wide Web.
650 #0 - SUBJECT ADDED ENTRY--TOPICAL TERM
Topical term or geographic name as entry element Neuroophthalmology.
655 #7 - INDEX TERM--GENRE/FORM
Genre/form data or focus term Electronic books.
Source of term lcsh
700 1# - ADDED ENTRY--PERSONAL NAME
Personal name Lee, Andrew G.
700 1# - ADDED ENTRY--PERSONAL NAME
Personal name Rouleau, Jacinthe.
700 1# - ADDED ENTRY--PERSONAL NAME
Personal name Longmuir, Reid.
776 1# - ADDITIONAL PHYSICAL FORM ENTRY
International Standard Book Number 9781420070927
856 40 - ELECTRONIC LOCATION AND ACCESS
Uniform Resource Identifier <a href="http://marc.crcnetbase.com/isbn/9781420070934">http://marc.crcnetbase.com/isbn/9781420070934</a>
Electronic format type application/PDF

No items available.